000 00648nam a2200241 a 4500
001 13079
003 BD-JhCC
005 20230624103033.0
008 230624s2007 b |||| |||| 000 0 eng d
020 _a9780141028552
035 _a(BD-JhCC)13079
040 _aBD-JhCC
_dBD-JhCC
041 _aeng
082 _a297.63
_bRAM 2008
100 _aRamadan, Tariq
245 _aThe Messenger :
_bthe meanings of the life of Muhammand /
_cTariq Ramadan
260 _aIndia :
_bTariq Ramadan,
_c2008.
300 _a247 p. :
_c21 cm.
504 _aIncludes Index.
600 _aMuḼammad, Prophet,
_d -632
650 _aBiography
942 _2ddc
_cBK
999 _c13079
_d13079